000 00705cab a2200217 4500
001 ABS46569
008 090401t1992 xxu||||| |||| 00| 0 eng d
035 _a(Sirsi) u58771
041 _aeng
100 _aBolton, A.
245 _aLine of battle
260 _c1992
350 _a0
490 _aNew Civil Engineer
_v(998) 11 June 1992, 20-21(2)
520 _aConsiders the expansion of the red route scheme in London which controls parking along certain major routes to ease the flow of traffic.
650 _aRED ROUTES
650 _aPROPERTY-INFRASTRUCTURE-TRANSPORT INFRASTRUCTURE-ROAD INFRASTRUCTURE
690 _aHIGHWAYS RIGHTS OF WAY AND EASEMENTS
942 _n0
948 _c04/03/1997
999 _c35938
_d35938